Daily Capital City Riddle #26 - Statistics

General Stats
  • This quiz has been taken 52 times
  • The average score is 29 of 34
Answer Stats
Type Answer % Correct
Found Letter A
100%
Alphabet Letter E
100%
Alphabet Letter I
100%
Alphabet Letter N
100%
Alphabet Letter R
100%
Alphabet Letter G
98%
Found Letter L
98%
Alphabet Letter S
98%
Correctly Placed Letter A
95%
Alphabet Letter B
95%
Alphabet Letter D
95%
Alphabet Letter H
95%
Found Letter M
95%
Alphabet Letter O
95%
Alphabet Letter U
95%
Alphabet Letter C
93%
Found Letter K
91%
Found Letter P
91%
Alphabet Letter T
91%
Alphabet Letter W
86%
Correctly Placed Letter A
84%
Alphabet Letter Y
79%
Alphabet Letter J
77%
Correctly Placed Letter M
74%
Alphabet Letter V
74%
Correctly Placed Letter A
72%
Alphabet Letter Z
72%
Alphabet Letter X
70%
Alphabet Letter F
65%
Correctly Placed Letter K
65%
Correctly Placed Letter L
65%
Correctly Placed Letter P
63%
Alphabet Letter Q
63%
Mystery Capital Kampala
60%
No matching quizzes found
Score Distribution
Percent of People with Each Score
Percentile by Number Answered
Your Score History
You have not taken this quiz